| 000 | 00594nam a22001817a 4500 | ||
|---|---|---|---|
| 003 | OSt | ||
| 005 | 20260306054632.0 | ||
| 008 | 260306b |||||||| |||| 00| 0 eng d | ||
| 040 |
_aDWCL-Main Lib _cOC |
||
| 082 | _aSC. 030 P552 2008 | ||
| 110 |
_aFOOKIEN TIMES _eCorporate Author |
||
| 245 | _aThe Philippines yearbook 2009 : 61 artists that will change the world. | ||
| 260 |
_aPhilippines : _bThe Fookien Times Publishing, _cc 2008 |
||
| 300 |
_a412 : _bcol. ill. ; _c30 cm. |
||
| 504 | _a1. Includes index. | ||
| 650 | _aPhilippine yearbook - Filipino artist. | ||
| 942 |
_2ddc _cSC _mSC. _n0 |
||
| 999 |
_c8701 _d8701 |
||